000 01249nam a2200289 4500
001 0000017830
003 CO-CtgCURN
005 20250329191014.0
007 ta
008 160627s2000 000 0 eng d
020 _a97010266325
040 _aCO-CtgCURN
_bspa
_ccoctgcurn
082 0 _a658.8
_bA73m
100 1 _aArellano Cueva, Rolando.
245 1 0 _aMarketing :
_benfoque america latina /
_cRolando Arellano Cueva.
260 _aMexico :
_bMcGraw-Hill,
_c2000.
300 _a577 p.
336 _2rdacontent
337 _2rdamedia
_asin mediacion
_bn
338 _2rdacarrier
_avolumen
_bnc
500 _aIncluye indice.
505 8 _aIntroducción al marketing.--Caracteristicas del mercado latinoamericano.--Comportamiento de los consumidores.--La Investigación de marketing.--El producto.--La marca.--El embalaje o condicionamiento.--La comunicación de marketing.--La fuerza de ventas.--La distribucion.--El precio.--La promocion.--Las estrategias competitivas.--La segmentacion de mercados y el posicionamiento.--Otras orientaciones del marketing
650 1 4 _aAdministración de mercadeo.
908 _a160627
942 _cBK
_h658.8
_iA73m
_2ddc
999 _c10918
_d10918